000 00330nam a2200133Ia 4500
008 210210b1975 xxu||||| |||| 00| 0 eng d
082 _a306.8 RAOA
100 _aRAO (Raghunatha R).
245 _aAryan marriage.
260 _aDelhi
_bCosmo publications
_c1975
300 _axi,280
690 _aMarriage & Family
906 _a037012
999 _c87383
_d87383